000 00331nam a2200133Ia 4500
005 20251222141902.0
008 251222s9999||||xx |||||||||||||| ||spa||
020 _a9972-716-48-1
082 _a370.193.12/S72
100 _aSovero Hinostroza, Franklin V.
245 0 _aCómo Dirigir una Apafa
264 _bSan Marcos
942 _cLIB
999 _c8091
_d8091